| 000 | 00419nam a22001217a 4500 | ||
|---|---|---|---|
| 082 | _a200 THE | ||
| 100 |
_aMUHAMMAD HAMID ALI _970274 |
||
| 245 | _aTH-SOF-1137-NON-DESTRUCTIVE STRUCTURAL STRENGTH MONITORING USING MICRO-ELECTRO MECHANICAL SYSTEMS (MEMS) | ||
| 260 |
_aIslamabaed _bNUST College of EME _c2015 |
||
| 650 |
_a MS-MTS-70 MSTHESIS _970275 |
||
| 700 |
_aSupervison , Dr. Muhammad Naveed _970276 |
||
| 942 | _cCF | ||
| 999 |
_c577269 _d577269 |
||